| 000 | 00627nam a2200181Ia 4500 | ||
|---|---|---|---|
| 003 | GCL | ||
| 008 | 140319s9999 xx 000 0 ara d | ||
| 040 |
_aGCL / _cGCL |
||
| 082 | 0 | 4 |
_a350.101 _bع م |
| 100 | 1 | _aعبدالامير عبدالعظيم العكيلى | |
| 245 | 1 | 0 |
_aمذكرات فى مبادىء الادارة العامة: مدخل بيئى سياسى / _cعبدالامير عبدالعظيم العكيلى |
| 300 | _a245 ص | ||
| 490 |
_a100 قصة _v0 |
||
| 650 | 0 | 4 | _aالتخطيط الاقتصادى |
| 650 | 0 | 4 | _aالادارة العامة |
| 650 | 0 | 4 | _aادارة الافراد |
| 942 |
_2ddc _cBK |
||
| 999 |
_c43531 _d43531 |
||